000
00316nam a2200133Ia 4500
100
_a
Micro Pro
942
_c
BK
654
_a
word star
245
_a
Word Star Reference Manual For Relese 3.3
260
_b
Micro Pro international corp.
_a
California
_c
1983
082
_a
1.6
_b
Mic
546
_a
ENGLISH
999
_c
22627
_d
22627